| 000 | 00737nam a22001697a 4500 | ||
|---|---|---|---|
| 008 | 101104t xxu||||| |||| 00| 0 eng d | ||
| 020 | _a0805338462 | ||
| 082 |
_a541.28 _bSPA |
||
| 100 |
_920944 _aEngel, Thomas _d1942- |
||
| 245 |
_aSpartan: _bstudent physical chemistry edition, version 1.0.0./ _cThomas Engel; Contributed by Warren Hehre |
||
| 260 |
_aSan Francisco : _bPearson/Benjamin Cummings, 2005 _c2005 |
||
| 300 |
_a1sound disc : _bsd; digital; _c 4 3/4 in. |
||
| 500 | _aAttached with book "Quantum chemistry and spectroscopy" | ||
| 650 |
_911377 _aQuantum chemistry _vTextbooks. |
||
| 942 |
_2ddc _cCDR |
||
| 999 |
_c14810 _d14810 |
||